00498nam a22001457a 4500008004100000040005500041080001900096245008000115250001400195260006800209300001500277365001600292650001600308653002800324230602b |||||||| |||| 00| 0 eng d aNational Science LibrarycNational Science Library aR 31(035) bM3 aHandbook of statistics 1983 c/ Association of Indian Engineering Industry  a16th ed.  aNew Delhi: bAssociation of Indian Engineering Industry, c1983 axv, 391p.  b100.00cINR aStatistics  aEngineering industries